Statistiques concernant Jeux vidéo de A à Z

Cliquez ici pour prendre le quiz!

Statistiques générales

  • Ce quiz a été pris 17 014 fois
    (13 742 depuis la dernière actualisation)
  • Le résultat moyen est 13 sur 26

Statistiques - réponses

LettresIndicesJeux Vidéo% Correct
ZComplétez le titre de cette licence : The Legend of _____Zelda
86%
MBâtissez ce que vous voulez, mais uniquement avec des blocsMinecraft
85%
RDu football avec des voituresRocket League
79%
JDéhanchez vous sur les musiques de vos artistes préférés en imitant ce que vous voyez à l'écranJust Dance
76%
PIl vous faudra enfermer des créatures dans des boules et les faire combattre afin de devenir le championPokémon
76%
HTueur à gages avec un code barre à l'arrière du craneHitman
72%
AUne Confrérie opposée à un Ordre dans la recherche de FragmentAssassin's Creed
67%
VFPS multi-joueur de Riot Games à l'importante scène compétitiveValorant
61%
GFranchise d'abord basée sur la mythologie grecque, elle est maintenant basée sur la mythologie nordiqueGod of War
57%
NCélèbre série de jeux de basketball de Visual ConceptsNBA 2K
56%
TJoël et Ellie doivent survivre dans un monde peuplé d'humains parasité par un champignonThe Last of Us
55%
UTomb Raider au masculinUncharted
52%
OFPS édité par Blizzard dans lequel vous pouvez incarner un humain comme un hamster ou un gorilleOverwatch
51%
FLicence dans laquelle on peut retrouver les personnages de Noctis, Yuna ou encore SephirothFinal Fantasy
49%
DDes androïdes cherchent à se libérer du contrôle des humainsDetroit: Become Human
45%
SVisiter la région de Bordeciel tout en tuant des dragons et en apprenant des crisSkyrim
38%
CJeu de plateforme se déroulant dans le château de DraculaCastlevania
35%
KLe héros se bat avec un épée en forme de clefKingdom Hearts
32%
IVersus Fighting avec les personnages de DC ComicsInjustice
28%
YLe héros peut faire appel à des monstres grâce à sa montreYo-Kai Watch
27%
WEt si l'Allemagne avait remporté la Seconde Guerre mondiale ?Wolfenstein
26%
ETitre de l'Atari 2600 adapté d'un film considéré comme l'un des plus mauvais jeux de tous les tempsE.T. the Extra-Terrestrial
24%
LVous incarnez une étudiante en photographie qui peut revenir dans le passéLife is Strange
24%
XGrace à son épée, Shulk a des visions de l'avenirXenoblade Chronicles
23%
QFPS d'id Software de 1996 où le joueur fait face à des vagues de zombies, ogres et autres grognonsQuake
21%
BVous y contrôlez un ours brun et un oiseau rouge à la langue bien pendueBanjo-Kazooie
17%

Distribution des résultats

Percentile par nombre de réponses

% des personnes avec chaque résultat

Votre développement - résultats

Vous n’avez pas pris ce quiz depuis la dernière actualisation